Desarrollo y déficit: ceguera, sordera, déficit motor, síndrome de Down, autismo

Պահպանված է:
Մատենագիտական մանրամասներ
Հիմնական հեղինակ: Lewis, Vicky (Հեղինակ)
Ձևաչափ: Գիրք
Լեզու:իսպաներեն
Հրապարակվել է: Barcelona Paidós 1991
Շարք:Temas de Educación Paidós, 25
Խորագրեր:
Ցուցիչներ: Ավելացրեք ցուցիչ
Չկան պիտակներ, Եղեք առաջինը, ով նշում է այս գրառումը!

MARC

LEADER 00000nam a2200000 a 4500
001 UCW7375
003 CL-VaPUC
008 921120e19910000SP |||||||||||||||||spa|d
082 0 4 |a 371.91  |b LEW  |2 21 
100 0 |a Lewis, Vicky  |e author  |9 312529 
245 1 0 |a Desarrollo y déficit: ceguera, sordera, déficit motor, síndrome de Down, autismo 
300 |a 244 p 
942 |c BK 
945 |d 19921120 00:00:00 
260 |a Barcelona  |b Paidós  |c 1991 
650 0 |a Educación especial  |9 307486 
650 7 |a CIEGOS  |2 CL-VaPUC  |9 309876 
650 0 |a Autismo  |9 307911 
650 0 |a Sordos  |9 310755 
650 0 |a Síndrome de Down  |9 309553 
583 |a last modification  |c 20170907 01:14:34  |k Rodrigo Vera 
490 0 |a Temas de Educación Paidós, 25 
999 |c 220159  |d 220157 
952 |0 0  |1 0  |4 0  |6 371_910000000000000_LEW_1991  |7 0  |8 A  |9 212019  |a BIBEDU  |b BIBEDU  |c ES_NOD  |d 2019-11-15  |i 2802457  |o 371.91 LEW 1991  |p 2802457  |r 2023-08-09  |w 2019-11-15  |y BK  |k LIT 
952 |0 0  |1 0  |4 0  |6 371_910000000000000_LEW_1991  |7 0  |8 A  |9 212020  |a BIBEDU  |b BIBEDU  |c ES_NOD  |d 2019-11-15  |i 2802465  |o 371.91 LEW 1991  |p 2802465  |r 2023-08-09  |w 2019-11-15  |y BK  |k EDU 
952 |0 0  |1 0  |4 0  |6 371_910000000000000_LEW_1991  |7 0  |8 A  |9 212021  |a BIBEDU  |b BIBEDU  |c ES_NOD  |d 2019-11-15  |i 3495221  |o 371.91 LEW 1991  |p 3495221  |r 2023-08-09  |w 2019-11-15  |y BK  |k BME